Fuzzy Modeling and Genetic Algorithms for Data Mining and Exploration/ (Record no. 1780)

MARC details
000 -LEADER
Fixed length control field 00463nam a2200169 4500
003 - CONTROL NUMBER IDENTIFIER
Control field SEACOMEC
005 - DATE AND TIME OF LATEST TRANSACTION
Control field 20241104155441.0
008 - FIXED-LENGTH DATA ELEMENTS--GENERAL INFORMATION
Fixed length control field 241104b |||||||| |||| 00| 0 eng d
020 ## - INTERNATIONAL STANDARD BOOK NUMBER / ISBN
International Standard Book Number 978-0121942755
Price 495.00
040 ## - CATALOGING SOURCE
Original cataloging agency SEACOMEC
082 ## - DEWEY DECIMAL CLASSIFICATION NUMBER
Classification number 511.313
Book Number C877
100 ## - MAIN ENTRY--PERSONAL NAME
Personal name Cox, Earl
245 ## - TITLE STATEMENT
Title Fuzzy Modeling and Genetic Algorithms for Data Mining and Exploration/
Statement of responsibility / Earl Cox
260 ## - IMPRINT
Place of publication New Delhi
Name of publisher Elsevier
Date of publication 2005
300 ## - PHYSICAL DESCRIPTION
Page / Vol. No 540 p
942 ## - ADDED ENTRY ELEMENTS (KOHA)
Koha item type Books
Holdings
Withdrawn status Lost status Source of classification Damaged status Not for loan Home library Current library Date acquired Total Checkouts Call number Accession number Date last seen Price effective from Koha item type Copy number
    Dewey Decimal Classification     SEACOM ENGINEERING COLLEGE SEACOM ENGINEERING COLLEGE 24/07/2007   511.313 C877 7740 04/11/2024 04/11/2024 Books  
    Dewey Decimal Classification     SEACOM ENGINEERING COLLEGE SEACOM ENGINEERING COLLEGE 24/07/2007   511.313 C877 7741 04/11/2024 04/11/2024 Books 1
© Seacom Engineering College, All rights reserved.      Powered by Koha